Welcome to CU Library Online Public Access Catalogue (OPAC)

BASIC CHRISTIANITY (Record no. 6925)

MARC details
000 -LEADER
fixed length control field 00358nam a22001457a 4500
005 - DATE AND TIME OF LATEST TRANSACTION
control field 20250712094255.0
008 - FIXED-LENGTH DATA ELEMENTS--GENERAL INFORMATION
fixed length control field 250712b |||||||| |||| 00| 0 eng d
020 ## - INTERNATIONAL STANDARD BOOK NUMBER
International Standard Book Number 9780802811899
050 ## - LIBRARY OF CONGRESS CALL NUMBER
Classification number BT77
Item number STO
100 ## - MAIN ENTRY--PERSONAL NAME
Personal name STOTT JOHN R. W.
245 ## - TITLE STATEMENT
Title BASIC CHRISTIANITY
260 ## - PUBLICATION, DISTRIBUTION, ETC.
Place of publication, distribution, etc. LONDON
Name of publisher, distributor, etc. INTERVARSITY PRESS
Date of publication, distribution, etc. c1971
300 ## - PHYSICAL DESCRIPTION
Extent 142p
942 ## - ADDED ENTRY ELEMENTS (KOHA)
Source of classification or shelving scheme Library of Congress Classification
Koha item type Books
Suppress in OPAC No
999 ## -
-- 6925
-- 6925
Holdings
Withdrawn status Lost status Source of classification or shelving scheme Damaged status Not for loan Collection Home library Current library Shelving location Date acquired Total checkouts Full call number Barcode Date last seen Copy number Price effective from Koha item type
    Library of Congress Classification     Non-fiction Undergraduate Library (Christ Temple) Undergraduate Library (Christ Temple) General stacks 07/12/2025   BT77 STO ulct00003787 07/12/2025 1 07/12/2025 Books
    Library of Congress Classification     Non-fiction Undergraduate Library (Christ Temple) Undergraduate Library (Christ Temple) General stacks 07/12/2025   BT77 STO ulct00003788 07/12/2025 2 07/12/2025 Books
    Library of Congress Classification     Non-fiction Undergraduate Library (Christ Temple) Undergraduate Library (Christ Temple) General stacks 07/12/2025   BT77 STO ulct00003789 07/12/2025 1 07/12/2025 Books
© 2023-2024 Copyright: Central University Libraries. All Rights Reserved | Created by: Mahone Tech Office